| 000 | 02494nam a22002654u 4500 | ||
|---|---|---|---|
| 001 | Rebiun37520065 | ||
| 008 | 250410e202409 sp |||| |||| 0|0 f spa|d | ||
| 017 |
_aDL M 16611-2024, _bOficina DL Madrid |
||
| 020 | _a9788492919703 | ||
| 040 |
_aES-CaUJI _beng _erda _cES-CaUJI |
||
| 041 | 1 |
_aSpanish _heng |
|
| 100 |
_aMellors, Coco _eauthor _925452 |
||
| 240 | 1 | 0 |
_aBlue sisters. _lSpanish |
| 245 | 1 | 4 |
_aLas Hermanas Blue _c/ Coco Mellors ; traducción: Bruno Álvarez Herrero |
| 250 | _aFirst edtion | ||
| 260 |
_aMadrid : _bPlata, _c2024. |
||
| 300 |
_a414 pages ; _c22 cm |
||
| 490 | _aLetras de plata | ||
| 520 | _aAvery es una abogada muy recatada, vive en Londres y es la típica hermana mayor, aunque oculta un secreto que podría desmoronar su vida perfecta para siempre. Bonnie era boxeadora, pero, tras una derrota devastadora, ha comenzado a trabajar como portera de un local en Los Ángeles, hasta que una noche comete un descuido que la obliga a marcharse de la ciudad. Y Lucky, la más joven y rebelde, trabaja como modelo en París y sus fiestas desenfrenadas le están comenzando a pasar factura. Además, Avery, Bonnie y Lucky aún están tratando de recuperarse de la inesperada muerte de Nicky, la querida cuarta hermana. Cuando, un año después de su pérdida, las tres se reúnen en Nueva York para impedir la venta del hogar de su infancia, se dan cuenta de que solo juntas pueden superar el duelo, la adicción y el desamor, y volver a enamorarse de la vida. | ||
| 520 | _aAvery is a reserved and proper solicitor living in London — the quintessential older sister — although she harbours a secret that could shatter her perfectly curated life. Bonnie, once a promising boxer, now works as a bouncer at a club in Los Angeles. But after a serious lapse one night, she’s forced to leave the city behind. Meanwhile, Lucky, the youngest and most rebellious of the three, is modelling in Paris, though her wild partying is beginning to take its toll. The sisters are still reeling from the sudden death of Nicky, their beloved fourth sister. A year after her passing, they reunite in New York to stop the sale of their childhood home. There, they come to realise that only by facing their grief, addiction, and heartbreak together can they begin to heal — and perhaps, learn to fall in love with life again. | ||
| 650 | 0 |
_aAddiction _925453 |
|
| 650 | 0 |
_aSisters _vFiction _922940 |
|
| 700 |
_aÁlvarez Herrero, Bruno _etranslator _925454 |
||
| 942 | _2lcc | ||
| 999 |
_c4744 _d4744 |
||